00426nam a2200157Ia 4500003000400000008004100004040001600045082001300061100002200074245007400096260003900170300001100209650001600220650001500236650001700251GCL140319s9999 xx 000 0 eng d aGCL / cGCL04a100bS E1 aSTUMPT, SAMUEL E.10aELEMENTS OF PHILOSOPHY: AN INTRODUCTIN, BRD ED. / cSTUMPT, SAMUEL E. a[S.N] : bMC GRAW - HILL ، c1993 a591 P.04aMETAPHYSICS04aPHILOSOPHY04aPHILOSOPHERS